[Event "DVM U12 2023"]
[Site "Magdeburg GER"]
[Date "2023.12.30"]
[Round "7"]
[White "Mosch, Cornelius"]
[Black "Borchert, Yuri"]
[Result "1-0"]
[Termination "normal"]
[Board "5.4"]
[WhiteElo "1107"]
[BlackElo "1179"]
[WhiteTeam "SK Bad Homburg 1927"]
[BlackTeam "SC Borussia Lichtenberg"]
[PlyCount "37"]
[WhiteFideId "34681744"]
[BlackFideId "34626468"]
[EventCountry "GER"]
[EventRounds "7"]
[EventType "team-swiss"]
[EventDate "2023.12.26"]

1. e4 d6 2. Nf3 Nf6 3. Nc3 g6 4. d4 Bg7 5. Bc4 O-O 6. O-O Nxe4 7. Nxe4 d5 8.
Bd3 dxe4 9. Bxe4 c6 10. c3 Nd7 11. Re1 e5 12. Be3 Nf6 13. Qd3 Nxe4 14. Qxe4 Bf5
15. Qh4 Qxh4 16. Nxh4 Be6 17. Nf3 e4 18. Nd2 f5 19. Bf4 1-0

[Event "DVM U12 2023"]
[Site "Magdeburg GER"]
[Date "2023.12.30"]
[Round "7"]
[White "Dodul, Arthur"]
[Black "Vinogradov, Ilia"]
[Result "0-1"]
[Termination "normal"]
[Board "6.1"]
[WhiteElo "1569"]
[BlackElo "1583"]
[WhiteClock "00:50:39"]
[BlackClock "00:32:33"]
[WhiteTeam "Barnimer SF im SV Stahl Finow"]
[BlackTeam "SV 1947 Walldorf"]
[PlyCount "84"]
[WhiteFideId "34609016"]
[BlackFideId "34603166"]
[EventCountry "GER"]
[EventRounds "7"]
[EventType "team-swiss"]
[EventDate "2023.12.26"]

1. e4 {[%clk 01:30:26]} {[%emt 00:00:33]} e5 {[%clk 01:30:55]} {[%emt
00:00:05]} 2. Nf3 {[%clk 01:30:40]} {[%emt 00:00:16]} Nc6 {[%clk 01:31:21]}
{[%emt 00:00:05]} 3. Bc4 {[%clk 01:31:03]} {[%emt 00:00:05]} Bc5 {[%clk
01:31:47]} {[%emt 00:00:05]} 4. c3 {[%clk 01:31:24]} {[%emt 00:00:09]} Nf6
{[%clk 01:32:13]} {[%emt 00:00:05]} 5. d3 {[%clk 01:31:46]} {[%emt 00:00:07]}
d6 {[%clk 01:32:27]} {[%emt 00:00:17]} 6. Bb3 {[%clk 01:32:11]} {[%emt
00:00:05]} O-O {[%clk 01:31:53]} {[%emt 00:01:03]} 7. O-O {[%clk 01:32:29]}
{[%emt 00:00:12]} h6 {[%clk 01:23:14]} {[%emt 00:09:10]} 8. Nbd2 {[%clk
01:32:28]} {[%emt 00:00:31]} Re8 {[%clk 01:22:13]} {[%emt 00:01:31]} 9. h3
{[%clk 01:31:11]} {[%emt 00:01:47]} Be6 {[%clk 01:18:07]} {[%emt 00:04:36]} 10.
Bc2 {[%clk 01:31:09]} {[%emt 00:00:32]} Qd7 {[%clk 01:15:52]} {[%emt 00:03:46]}
11. Re1 {[%clk 01:19:39]} {[%emt 00:11:00]} Bxh3 {[%clk 00:55:49]} {[%emt
00:20:33]} 12. gxh3 {[%clk 01:02:43]} {[%emt 00:17:26]} Qxh3 {[%clk 00:56:04]}
{[%emt 00:00:14]} 13. Nf1 {[%clk 00:59:23]} {[%emt 00:03:51]} Qg4+ {[%clk
00:46:07]} {[%emt 00:10:27]} 14. Kh1 {[%clk 00:59:21]} {[%emt 00:00:30]} Bxf2
{[%clk 00:45:59]} {[%emt 00:00:41]} 15. N1h2 {[%clk 00:59:09]} {[%emt
00:00:40]} Qh3 {[%clk 00:43:04]} {[%emt 00:03:26]} 16. Rf1 {[%clk 00:56:35]}
{[%emt 00:03:02]} Bb6 {[%clk 00:38:57]} {[%emt 00:04:41]} 17. Qe2 {[%clk
00:56:04]} {[%emt 00:00:59]} Nh5 {[%clk 00:36:32]} {[%emt 00:02:57]} 18. Rg1
{[%clk 00:53:35]} {[%emt 00:02:58]} Bxg1 {[%clk 00:35:33]} {[%emt 00:01:30]}
19. Kxg1 {[%clk 00:53:56]} {[%emt 00:00:08]} Re6 {[%clk 00:35:04]} {[%emt
00:01:00]} 20. Kf2 {[%clk 00:49:22]} {[%emt 00:05:03]} Rg6 {[%clk 00:32:40]}
{[%emt 00:02:55]} 21. Ke1 {[%clk 00:48:59]} {[%emt 00:00:53]} Rg2 {[%clk
00:32:14]} {[%emt 00:00:57]} 22. Qe3 {[%clk 00:46:17]} {[%emt 00:03:10]} Nf4
{[%clk 00:28:52]} {[%emt 00:03:53]} 23. Bd1 {[%clk 00:44:44]} {[%emt 00:02:02]}
Rxh2 {[%clk 00:28:15]} {[%emt 00:01:09]} 24. Nxh2 {[%clk 00:43:56]} {[%emt
00:01:18]} Ng2+ {[%clk 00:28:19]} {[%emt 00:00:26]} 25. Kf1 {[%clk 00:44:24]}
{[%emt 00:00:01]} Nxe3+ {[%clk 00:30:30]} {[%emt 00:00:40]} 26. Ke1 {[%clk
00:44:47]} {[%emt 00:00:23]} Ng2+ {[%clk 00:29:56]} {[%emt 00:01:06]} 27. Kd2
{[%clk 00:45:09]} {[%emt 00:00:08]} Qxh2 {[%clk 00:29:57]} {[%emt 00:00:29]}
28. Be2 {[%clk 00:45:33]} {[%emt 00:00:06]} Nf4 {[%clk 00:30:20]} {[%emt
00:00:07]} 29. Kc2 {[%clk 00:45:56]} {[%emt 00:00:08]} Qxe2+ {[%clk 00:30:38]}
{[%emt 00:00:12]} 30. Kb3 {[%clk 00:46:21]} {[%emt 00:00:05]} Qxd3 {[%clk
00:30:55]} {[%emt 00:00:12]} 31. a3 {[%clk 00:46:45]} {[%emt 00:00:06]} Nd4+
{[%clk 00:30:56]} {[%emt 00:00:29]} 32. Ka2 {[%clk 00:47:05]} {[%emt 00:00:10]}
Nb5 {[%clk 00:30:32]} {[%emt 00:00:54]} 33. Rb1 {[%clk 00:47:21]} {[%emt
00:00:14]} Ne2 {[%clk 00:30:37]} {[%emt 00:00:25]} 34. a4 {[%clk 00:47:35]}
{[%emt 00:00:17]} Nbxc3+ {[%clk 00:30:43]} {[%emt 00:00:23]} 35. bxc3 {[%emt
00:00:11]} Nxc3+ {[%clk 00:31:04]} {[%emt 00:00:10]} 36. Ka3 {[%clk 00:48:18]}
{[%emt 00:00:06]} Qxb1 {[%clk 00:31:02]} {[%emt 00:00:31]} 37. Bb2 {[%clk
00:48:42]} {[%emt 00:00:06]} Qa2+ {[%clk 00:31:16]} {[%emt 00:00:16]} 38. Kb4
{[%clk 00:49:06]} {[%emt 00:00:06]} Qxb2+ {[%clk 00:31:42]} {[%emt 00:00:04]}
39. Kc4 {[%clk 00:49:32]} {[%emt 00:00:04]} b5+ {[%clk 00:31:37]} {[%emt
00:00:34]} 40. axb5 {[%clk 00:49:53]} {[%emt 00:00:10]} Qxb5+ {[%clk 00:31:43]}
{[%emt 00:00:25]} 41. Kxc3 {[%clk 00:50:15]} {[%emt 00:00:07]} Qc5+ {[%clk
00:32:07]} {[%emt 00:00:06]} 42. Kd3 {[%clk 00:50:39]} {[%emt 00:00:06]} Rb8
{[%clk 00:32:33]} {[%emt 00:00:05]} 0-1

[Event "DVM U12 2023"]
[Site "Magdeburg GER"]
[Date "2023.12.30"]
[Round "7"]
[White "Yan, Haichen"]
[Black "Madel, Luca"]
[Result "1/2-1/2"]
[Termination "normal"]
[Board "6.2"]
[WhiteElo "1403"]
[BlackElo "1335"]
[WhiteClock "00:57:40"]
[BlackClock "00:46:32"]
[WhiteTeam "SV 1947 Walldorf"]
[BlackTeam "Barnimer SF im SV Stahl Finow"]
[PlyCount "101"]
[WhiteFideId "34607951"]
[BlackFideId "16296516"]
[EventCountry "GER"]
[EventRounds "7"]
[EventType "team-swiss"]
[EventDate "2023.12.26"]

1. d4 {[%clk 01:30:57]} {[%emt 00:00:03]} d5 {[%clk 01:30:39]} {[%emt
00:00:22]} 2. c4 {[%clk 01:31:08]} {[%emt 00:00:19]} e6 {[%clk 01:30:53]}
{[%emt 00:00:15]} 3. Nc3 {[%clk 01:31:28]} {[%emt 00:00:10]} Nf6 {[%clk
01:30:09]} {[%emt 00:01:14]} 4. cxd5 {[%clk 01:31:44]} {[%emt 00:00:15]} exd5
{[%clk 01:29:52]} {[%emt 00:00:46]} 5. Bg5 {[%clk 01:32:06]} {[%emt 00:00:08]}
c6 {[%clk 01:29:34]} {[%emt 00:00:47]} 6. e3 {[%clk 01:32:24]} {[%emt
00:00:13]} Be7 {[%clk 01:29:32]} {[%emt 00:00:32]} 7. Bd3 {[%clk 01:32:19]}
{[%emt 00:00:35]} h6 {[%clk 01:29:27]} {[%emt 00:00:35]} 8. Bf4 {[%clk
01:32:35]} {[%emt 00:00:14]} Bd6 {[%clk 01:29:27]} {[%emt 00:00:29]} 9. Bg3
{[%clk 01:31:44]} {[%emt 00:01:22]} Qe7 {[%clk 01:28:57]} {[%emt 00:01:00]} 10.
Qc2 {[%clk 01:30:50]} {[%emt 00:01:23]} Be6 {[%clk 01:28:35]} {[%emt 00:00:51]}
11. Nf3 {[%clk 01:24:21]} {[%emt 00:07:00]} Bxg3 {[%clk 01:26:54]} {[%emt
00:02:11]} 12. hxg3 {[%clk 01:24:31]} {[%emt 00:00:21]} Nbd7 {[%clk 01:26:45]}
{[%emt 00:00:37]} 13. a3 {[%clk 01:23:01]} {[%emt 00:03:21]} a5 {[%clk
01:26:05]} 14. Rb1 {[%clk 01:21:55]} {[%emt 00:01:26]} Qd6 {[%clk 01:17:40]}
{[%emt 00:08:54]} 15. b4 {[%clk 01:19:39]} {[%emt 00:02:46]} axb4 {[%clk
01:13:35]} {[%emt 00:04:35]} 16. axb4 {[%clk 01:19:49]} {[%emt 00:00:20]} Ke7
{[%clk 01:13:20]} {[%emt 00:00:45]} 17. b5 {[%clk 01:18:32]} {[%emt 00:01:47]}
Rhb8 {[%clk 01:12:48]} {[%emt 00:01:02]} 18. bxc6 {[%clk 01:17:53]} {[%emt
00:01:08]} bxc6 {[%clk 01:12:48]} {[%emt 00:00:31]} 19. O-O {[%clk 01:18:16]}
{[%emt 00:00:08]} Ra7 {[%clk 01:11:10]} {[%emt 00:02:07]} 20. Rxb8 {[%clk
01:17:56]} {[%emt 00:00:50]} Qxb8 {[%clk 01:10:54]} {[%emt 00:00:45]} 21. Rb1
{[%clk 01:13:38]} {[%emt 00:04:48]} Rb7 {[%clk 01:10:27]} {[%emt 00:00:56]} 22.
Nd2 {[%clk 01:09:18]} {[%emt 00:04:52]} Rxb1+ {[%clk 01:06:27]} {[%emt
00:04:29]} 23. Qxb1 {[%clk 01:09:36]} {[%emt 00:00:13]} Qxb1+ {[%clk 01:06:16]}
{[%emt 00:00:41]} 24. Bxb1 {[%clk 01:09:27]} {[%emt 00:00:40]} Nb6 {[%clk
01:05:56]} {[%emt 00:00:50]} 25. Kf1 {[%clk 01:07:42]} {[%emt 00:02:15]} Kd6
{[%clk 01:04:10]} {[%emt 00:02:13]} 26. Nb3 {[%clk 01:06:28]} {[%emt 00:01:47]}
Nc4 {[%clk 01:02:26]} {[%emt 00:02:13]} 27. Nc5 {[%clk 01:06:09]} {[%emt
00:00:49]} Nd2+ {[%clk 01:02:08]} {[%emt 00:00:48]} 28. Ke2 {[%clk 01:06:25]}
{[%emt 00:00:15]} Nxb1 {[%clk 01:01:56]} {[%emt 00:00:41]} 29. Nxb1 {[%clk
01:06:30]} {[%emt 00:00:26]} Bf5 {[%clk 01:00:48]} {[%emt 00:01:37]} 30. Nd2
{[%clk 01:05:52]} {[%emt 00:01:08]} Ne4 {[%clk 01:00:41]} {[%emt 00:00:37]} 31.
Ndxe4+ {[%clk 01:04:59]} {[%emt 00:01:24]} Bxe4 {[%clk 01:00:09]} {[%emt
00:01:01]} 32. g4 {[%clk 01:03:22]} {[%emt 00:02:08]} Bxg2 {[%clk 00:55:42]}
{[%emt 00:04:57]} 33. f3 {[%clk 01:03:47]} {[%emt 00:00:06]} Bh3 {[%clk
00:55:56]} {[%emt 00:00:15]} 34. Kf2 {[%clk 01:04:07]} {[%emt 00:00:10]} f5
{[%clk 00:56:06]} {[%emt 00:00:19]} 35. Kg3 {[%clk 01:04:16]} {[%emt 00:00:22]}
fxg4 {[%clk 00:56:15]} {[%emt 00:00:21]} 36. fxg4 {[%clk 01:04:39]} {[%emt
00:00:07]} Bf1 {[%clk 00:56:32]} {[%emt 00:00:12]} 37. g5 {[%clk 01:01:39]}
{[%emt 00:03:32]} Be2 {[%clk 00:54:29]} {[%emt 00:02:32]} 38. gxh6 {[%clk
00:59:58]} {[%emt 00:02:11]} gxh6 {[%clk 00:54:31]} {[%emt 00:00:28]} 39. Kh4
{[%clk 01:00:04]} {[%emt 00:00:24]} Bf3 {[%clk 00:54:00]} {[%emt 00:01:01]} 40.
Kg3 {[%clk 00:58:57]} {[%emt 00:01:37]} Be4 {[%clk 00:53:57]} {[%emt 00:00:32]}
41. Kf4 {[%clk 00:58:12]} {[%emt 00:01:16]} h5 {[%clk 00:49:57]} {[%emt
00:04:30]} 42. Kg5 {[%clk 00:57:39]} {[%emt 00:01:03]} Bf3 {[%clk 00:50:00]}
{[%emt 00:00:27]} 43. Nd3 {[%clk 00:56:46]} {[%emt 00:01:23]} Be2 {[%clk
00:49:02]} {[%emt 00:01:28]} 44. Nf4 {[%clk 00:57:04]} {[%emt 00:00:13]} Bg4
{[%clk 00:47:56]} {[%emt 00:01:36]} 45. Nxh5 {[%clk 00:57:11]} {[%emt
00:00:24]} Bxh5 {[%clk 00:45:51]} {[%emt 00:02:35]} 46. Kxh5 {[%clk 00:57:27]}
{[%emt 00:00:14]} c5 {[%clk 00:46:16]} {[%emt 00:00:05]} 47. dxc5+ {[%clk
00:56:23]} {[%emt 00:01:34]} Kxc5 {[%clk 00:46:36]} {[%emt 00:00:09]} 48. Kg5
{[%clk 00:56:51]} {[%emt 00:00:03]} Kc4 {[%clk 00:46:39]} {[%emt 00:00:27]} 49.
Kf5 {[%clk 00:57:10]} {[%emt 00:00:11]} Kd3 {[%clk 00:46:21]} {[%emt 00:00:48]}
50. Ke5 {[%clk 00:57:17]} {[%emt 00:00:23]} Kxe3 {[%clk 00:46:32]} {[%emt
00:00:19]} 51. Kxd5 {[%clk 00:57:40]} {[%emt 00:00:07]} 1/2-1/2

[Event "DVM U12 2023"]
[Site "Magdeburg GER"]
[Date "2023.12.30"]
[Round "7"]
[White "Spielvogel, Oliver"]
[Black "Färber, Anna"]
[Result "0-1"]
[Termination "normal"]
[Board "6.3"]
[WhiteElo "1258"]
[BlackElo "1345"]
[WhiteClock "00:09:40"]
[BlackClock "00:03:38"]
[WhiteTeam "Barnimer SF im SV Stahl Finow"]
[BlackTeam "SV 1947 Walldorf"]
[PlyCount "126"]
[WhiteFideId "16296494"]
[BlackFideId "34633480"]
[EventCountry "GER"]
[EventRounds "7"]
[EventType "team-swiss"]
[EventDate "2023.12.26"]

1. d4 {[%clk 01:30:57]} {[%emt 00:00:02]} Nf6 {[%clk 01:30:53]} {[%emt
00:00:08]} 2. Nf3 {[%clk 01:30:54]} {[%emt 00:00:33]} g6 {[%clk 01:31:16]}
{[%emt 00:00:07]} 3. e3 {[%clk 01:31:15]} {[%emt 00:00:09]} Bg7 {[%clk
01:31:37]} {[%emt 00:00:09]} 4. Bd3 {[%clk 01:31:38]} {[%emt 00:00:08]} d5
{[%clk 01:31:58]} {[%emt 00:00:08]} 5. O-O {[%clk 01:31:54]} {[%emt 00:00:14]}
O-O {[%clk 01:32:13]} {[%emt 00:00:15]} 6. c3 {[%clk 01:31:53]} {[%emt
00:00:32]} c5 {[%clk 01:31:16]} {[%emt 00:01:26]} 7. Nbd2 {[%clk 01:32:10]}
{[%emt 00:00:14]} Nbd7 {[%clk 01:31:31]} {[%emt 00:00:15]} 8. e4 {[%clk
01:32:09]} {[%emt 00:00:28]} dxe4 {[%clk 01:31:49]} {[%emt 00:00:15]} 9. Nxe4
{[%clk 01:32:31]} {[%emt 00:00:07]} Nxe4 {[%clk 01:32:13]} {[%emt 00:00:06]}
10. Bxe4 {[%clk 01:32:53]} {[%emt 00:00:08]} cxd4 {[%clk 01:32:35]} {[%emt
00:00:08]} 11. Nxd4 {[%clk 01:33:12]} {[%emt 00:00:11]} a6 {[%clk 01:32:49]}
{[%emt 00:00:16]} 12. Be3 {[%clk 01:33:04]} {[%emt 00:00:37]} Qc7 {[%clk
01:25:47]} {[%emt 00:07:32]} 13. Qd2 {[%clk 01:32:18]} {[%emt 00:01:17]} Nc5
{[%clk 01:23:08]} {[%emt 00:03:08]} 14. Bc2 {[%clk 01:31:22]} {[%emt 00:01:26]}
Rd8 {[%clk 01:21:07]} {[%emt 00:02:31]} 15. Qc1 {[%clk 01:31:00]} {[%emt
00:02:19]} e5 {[%clk 01:12:25]} {[%emt 00:07:46]} 16. Nf3 {[%clk 01:30:32]}
{[%emt 00:00:58]} Be6 {[%clk 01:10:15]} {[%emt 00:02:40]} 17. Ng5 {[%clk
01:19:33]} {[%emt 00:11:29]} Bd5 {[%clk 01:07:00]} {[%emt 00:03:46]} 18. Re1
{[%clk 01:09:33]} {[%emt 00:10:28]} f6 {[%clk 01:02:39]} {[%emt 00:04:53]} 19.
Nh3 {[%clk 01:07:38]} {[%emt 00:02:23]} Qc6 {[%clk 01:00:26]} {[%emt 00:02:43]}
20. f3 {[%clk 01:06:42]} {[%emt 00:01:29]} Bf7 {[%clk 00:50:56]} {[%emt
00:10:00]} 21. Rd1 {[%clk 00:59:49]} {[%emt 00:07:22]} Rac8 {[%clk 00:44:49]}
{[%emt 00:06:36]} 22. Nf2 {[%clk 00:59:27]} {[%emt 00:00:54]} f5 {[%clk
00:43:34]} {[%emt 00:01:44]} 23. Rxd8+ {[%clk 00:55:37]} {[%emt 00:04:19]} Rxd8
{[%clk 00:43:54]} {[%emt 00:00:12]} 24. Bg5 {[%clk 00:56:02]} {[%emt 00:00:05]}
Rd7 {[%clk 00:40:28]} {[%emt 00:03:54]} 25. f4 {[%clk 00:48:40]} {[%emt
00:07:53]} Bd5 {[%clk 00:34:46]} {[%emt 00:06:12]} 26. fxe5 {[%clk 00:45:00]}
{[%emt 00:04:10]} Bxe5 {[%clk 00:31:11]} {[%emt 00:04:05]} 27. Qf1 {[%clk
00:40:58]} {[%emt 00:04:30]} Qd6 {[%clk 00:29:46]} {[%emt 00:01:57]} 28. Rd1
{[%clk 00:38:50]} {[%emt 00:02:37]} Bxh2+ {[%clk 00:27:03]} {[%emt 00:03:14]}
29. Kh1 {[%clk 00:39:12]} {[%emt 00:00:07]} Qc7 {[%clk 00:26:32]} {[%emt
00:01:02]} 30. Be3 {[%clk 00:25:45]} {[%emt 00:13:57]} Bg3 {[%clk 00:22:53]}
{[%emt 00:04:09]} 31. Bxc5 {[%clk 00:24:18]} {[%emt 00:01:57]} Qxc5 {[%clk
00:23:13]} {[%emt 00:00:09]} 32. Nd3 {[%clk 00:24:06]} {[%emt 00:00:42]} Qc7
{[%clk 00:22:09]} {[%emt 00:01:35]} 33. Nb4 {[%clk 00:23:20]} {[%emt 00:01:16]}
Be6 {[%clk 00:21:03]} {[%emt 00:01:35]} 34. Qe2 {[%clk 00:21:34]} {[%emt
00:02:16]} Qe5 {[%clk 00:19:46]} {[%emt 00:01:47]} 35. Qxe5 {[%clk 00:20:54]}
{[%emt 00:01:10]} Rxd1+ {[%clk 00:19:50]} {[%emt 00:00:26]} 36. Bxd1 {[%clk
00:20:47]} {[%emt 00:00:37]} Bxe5 {[%clk 00:20:17]} {[%emt 00:00:03]} 37. Bf3
{[%clk 00:20:50]} {[%emt 00:00:27]} Bc8 {[%clk 00:19:19]} {[%emt 00:01:29]} 38.
Nd5 {[%clk 00:20:55]} {[%emt 00:00:26]} Bd7 {[%clk 00:17:51]} {[%emt 00:01:57]}
39. Nb6 {[%clk 00:20:49]} {[%emt 00:00:36]} Bc6 {[%clk 00:17:28]} {[%emt
00:00:53]} 40. Be2 {[%clk 00:19:44]} {[%emt 00:01:34]} Bc7 {[%clk 00:15:19]}
{[%emt 00:02:39]} 41. Bc4+ {[%clk 00:18:36]} {[%emt 00:01:38]} Kf8 {[%clk
00:13:15]} {[%emt 00:02:34]} 42. Nd5 {[%clk 00:18:48]} {[%emt 00:00:19]} Be5
{[%clk 00:11:50]} {[%emt 00:01:53]} 43. Nb4 {[%clk 00:18:34]} {[%emt 00:00:46]}
Be4 {[%clk 00:10:31]} {[%emt 00:01:49]} 44. Nd3 {[%clk 00:18:08]} {[%emt
00:00:57]} Bd6 {[%clk 00:09:39]} {[%emt 00:01:21]} 45. Nf2 {[%clk 00:17:12]}
{[%emt 00:01:26]} Bc6 {[%clk 00:09:02]} {[%emt 00:01:06]} 46. Nh3 {[%clk
00:17:16]} {[%emt 00:00:25]} h6 {[%clk 00:08:55]} {[%emt 00:00:39]} 47. Ng1
{[%clk 00:16:26]} {[%emt 00:01:15]} Bf4 {[%clk 00:06:11]} {[%emt 00:03:18]} 48.
Ne2 {[%clk 00:14:52]} {[%emt 00:02:05]} Be3 {[%clk 00:06:13]} {[%emt 00:00:27]}
49. Nd4 {[%clk 00:11:14]} {[%emt 00:04:09]} Bxd4 {[%clk 00:04:20]} {[%emt
00:02:24]} 50. cxd4 {[%clk 00:11:33]} {[%emt 00:00:11]} Ke7 {[%clk 00:04:37]}
{[%emt 00:00:12]} 51. Kh2 {[%clk 00:11:51]} {[%emt 00:00:13]} Kd6 {[%clk
00:04:10]} {[%emt 00:00:57]} 52. Bf7 {[%clk 00:11:30]} {[%emt 00:00:51]} g5
{[%clk 00:04:30]} {[%emt 00:00:11]} 53. g3 {[%clk 00:11:32]} {[%emt 00:00:29]}
Bd5 {[%clk 00:03:57]} {[%emt 00:01:01]} 54. Bg6 {[%clk 00:11:43]} {[%emt
00:00:19]} Be6 {[%clk 00:03:53]} {[%emt 00:00:35]} 55. Bh5 {[%clk 00:09:42]}
{[%emt 00:02:32]} Bxa2 {[%clk 00:03:50]} {[%emt 00:00:33]} 56. Bf3 {[%clk
00:09:55]} {[%emt 00:00:17]} Bd5 {[%clk 00:03:38]} {[%emt 00:00:41]} 57. Be2
{[%clk 00:10:04]} {[%emt 00:00:22]} Be4 {[%clk 00:03:25]} {[%emt 00:00:41]} 58.
Bc4 {[%clk 00:10:06]} {[%emt 00:00:29]} b5 {[%clk 00:03:19]} {[%emt 00:00:35]}
59. Ba2 {[%clk 00:09:07]} {[%emt 00:01:29]} a5 {[%clk 00:03:05]} {[%emt
00:00:46]} 60. b3 {[%clk 00:09:20]} {[%emt 00:00:17]} b4 {[%clk 00:03:19]}
{[%emt 00:00:15]} 61. Kg1 {[%clk 00:09:22]} {[%emt 00:00:28]} Kd5 {[%clk
00:03:25]} {[%emt 00:00:24]} 62. Kf2 {[%clk 00:09:39]} {[%emt 00:00:13]} Kxd4
{[%clk 00:03:40]} {[%emt 00:00:15]} 63. Ke2 {[%clk 00:09:40]} {[%emt 00:00:29]}
Kc3 {[%clk 00:03:38]} {[%emt 00:00:32]} 0-1